<?xml version="1.0" encoding="UTF-8"?>
<record
    xmlns:xsi="http://www.w3.org/2001/XMLSchema-instance"
    xsi:schemaLocation="http://www.loc.gov/MARC21/slim http://www.loc.gov/standards/marcxml/schema/MARC21slim.xsd"
    xmlns="http://www.loc.gov/MARC21/slim">

  <leader>02500nam a2200349   4500</leader>
  <controlfield tag="001">143</controlfield>
  <controlfield tag="003">OSt</controlfield>
  <controlfield tag="005">20250128102932.0</controlfield>
  <controlfield tag="008">250128b        |||||||g |||| 00| j eng d</controlfield>
  <datafield tag="040" ind1=" " ind2=" ">
    <subfield code="b">por</subfield>
  </datafield>
  <datafield tag="041" ind1=" " ind2=" ">
    <subfield code="h">eng</subfield>
    <subfield code="a">por</subfield>
  </datafield>
  <datafield tag="082" ind1=" " ind2=" ">
    <subfield code="a">823</subfield>
    <subfield code="b">C555p</subfield>
  </datafield>
  <datafield tag="100" ind1="1" ind2=" ">
    <subfield code="a">Christie, Agatha,</subfield>
    <subfield code="d">1890-1976</subfield>
    <subfield code="9">268</subfield>
  </datafield>
  <datafield tag="240" ind1=" " ind2=" ">
    <subfield code="a">Poirot investigates</subfield>
  </datafield>
  <datafield tag="245" ind1=" " ind2=" ">
    <subfield code="a">Poirot investiga /</subfield>
    <subfield code="c">Christie, Agatha  ; Tradu&#xE7;&#xE3;o de A. B. Pinheiro de Lemos</subfield>
  </datafield>
  <datafield tag="260" ind1=" " ind2=" ">
    <subfield code="a">S&#xE3;o Paulo</subfield>
    <subfield code="b">C&#xED;rculo do Livro</subfield>
    <subfield code="c">1987</subfield>
  </datafield>
  <datafield tag="300" ind1=" " ind2=" ">
    <subfield code="a">236 p.</subfield>
  </datafield>
  <datafield tag="490" ind1="1" ind2=" ">
    <subfield code="a">Detetive Hercule Poirot</subfield>
  </datafield>
  <datafield tag="520" ind1=" " ind2=" ">
    <subfield code="a">Primeiro, houve o mist&#xE9;rio da estrela de cinema e do diamante... depois veio o "suic&#xED;dio" que foi assassinato... o mist&#xE9;rio do apartamento absurdamente barato... uma morte suspeita em uma sala de armas trancada... um roubo de t&#xED;tulos de um milh&#xE3;o de d&#xF3;lares... a maldi&#xE7;&#xE3;o do t&#xFA;mulo de um fara&#xF3;... um roubo de joias no mar... o sequestro de um primeiro-ministro... o desaparecimento de um banqueiro... um telefonema de um homem moribundo... e, finalmente, o mist&#xE9;rio do testamento desaparecido.

O que liga esses casos fascinantes? Apenas os brilhantes poderes dedutivos de Hercule Poirot!

Os contos s&#xE3;o: 1. A aventura de 'The Western Star', 2. A trag&#xE9;dia de Marsdon Manor, 3. A aventura do apartamento barato, 4. O mist&#xE9;rio de Hunter's Lodge, 5. O roubo do t&#xED;tulo de um milh&#xE3;o de d&#xF3;lares, 6. A aventura do t&#xFA;mulo eg&#xED;pcio, 7. O roubo de joias no Grand Metropolitan, 8. O primeiro-ministro sequestrado, 9. O desaparecimento do Sr. Davenheim, 10. A aventura do nobre italiano e 11. O caso do testamento desaparecido.

Nota do bibliotec&#xE1;rio n&#xBA; 1: al&#xE9;m dos onze acima, havia mais tr&#xEA;s inclu&#xED;dos na vers&#xE3;o americana do mesmo t&#xED;tulo um ano depois: 12. A caixa de chocolate, 13. A dama velada e 14. A mina perdida.

Nota do bibliotec&#xE1;rio n&#xBA; 2: esta &#xE9; a entrada para a cole&#xE7;&#xE3;o de contos, 'Poirot investiga'. As entradas para cada uma das hist&#xF3;rias est&#xE3;o localizadas em outro lugar no Goodreads. Todos os 14 podem ser encontrados pesquisando no Goodreads por: 'a Hercule Poirot Short Story'.</subfield>
  </datafield>
  <datafield tag="650" ind1=" " ind2="0">
    <subfield code="a">Literatura Inglesa</subfield>
    <subfield code="9">89</subfield>
  </datafield>
  <datafield tag="650" ind1=" " ind2="0">
    <subfield code="a">Historias curtas </subfield>
    <subfield code="9">67</subfield>
  </datafield>
  <datafield tag="650" ind1=" " ind2="0">
    <subfield code="a">Romance Policial </subfield>
    <subfield code="9">11</subfield>
  </datafield>
  <datafield tag="650" ind1=" " ind2="0">
    <subfield code="a">Suspense</subfield>
    <subfield code="9">10</subfield>
  </datafield>
  <datafield tag="650" ind1=" " ind2="0">
    <subfield code="a">Mist&#xE9;rio</subfield>
    <subfield code="9">42</subfield>
  </datafield>
  <datafield tag="650" ind1=" " ind2="0">
    <subfield code="a">Crime e Investiga&#xE7;&#xE3;o </subfield>
    <subfield code="9">13</subfield>
  </datafield>
  <datafield tag="650" ind1=" " ind2="0">
    <subfield code="a">Cl&#xE1;ssicos</subfield>
    <subfield code="9">77</subfield>
  </datafield>
  <datafield tag="650" ind1=" " ind2="0">
    <subfield code="a">Filme</subfield>
    <subfield code="9">26</subfield>
  </datafield>
  <datafield tag="655" ind1=" " ind2="0">
    <subfield code="a">Conto</subfield>
    <subfield code="9">68</subfield>
  </datafield>
  <datafield tag="700" ind1=" " ind2=" ">
    <subfield code="a">A. B. Pinheiro de Lemos</subfield>
    <subfield code="e">Tradutor</subfield>
    <subfield code="9">109</subfield>
  </datafield>
  <datafield tag="830" ind1=" " ind2=" ">
    <subfield code="a">Detetive Hercule Poirot</subfield>
    <subfield code="9">271</subfield>
  </datafield>
  <datafield tag="942" ind1=" " ind2=" ">
    <subfield code="2">ddc</subfield>
    <subfield code="n">0</subfield>
    <subfield code="c">BK</subfield>
  </datafield>
  <datafield tag="952" ind1=" " ind2=" ">
    <subfield code="0">0</subfield>
    <subfield code="1">0</subfield>
    <subfield code="2">ddc</subfield>
    <subfield code="4">0</subfield>
    <subfield code="7">0</subfield>
    <subfield code="8">FIC</subfield>
    <subfield code="a">BIBIB</subfield>
    <subfield code="b">BIBIB</subfield>
    <subfield code="c">LE</subfield>
    <subfield code="d">2011-12-29</subfield>
    <subfield code="e">doa&#xE7;&#xE3;o</subfield>
    <subfield code="l">0</subfield>
    <subfield code="o">823 / C555p</subfield>
    <subfield code="p">2025-2363</subfield>
    <subfield code="r">2025-01-28 07:35:28</subfield>
    <subfield code="t">Ex. 01</subfield>
    <subfield code="w">2025-01-28</subfield>
    <subfield code="y">BK</subfield>
  </datafield>
  <datafield tag="952" ind1=" " ind2=" ">
    <subfield code="0">0</subfield>
    <subfield code="1">0</subfield>
    <subfield code="2">ddc</subfield>
    <subfield code="4">0</subfield>
    <subfield code="7">0</subfield>
    <subfield code="8">FIC</subfield>
    <subfield code="a">BIBIB</subfield>
    <subfield code="b">BIBIB</subfield>
    <subfield code="c">LE</subfield>
    <subfield code="d">2013-09-12</subfield>
    <subfield code="e">doa&#xE7;&#xE3;o</subfield>
    <subfield code="l">0</subfield>
    <subfield code="o">823 / C555p</subfield>
    <subfield code="p">2025-14754</subfield>
    <subfield code="r">2025-01-28 07:35:28</subfield>
    <subfield code="t">Ex. 02</subfield>
    <subfield code="w">2025-01-28</subfield>
    <subfield code="y">BK</subfield>
  </datafield>
  <datafield tag="999" ind1=" " ind2=" ">
    <subfield code="c">143</subfield>
    <subfield code="d">143</subfield>
  </datafield>
</record>
